1010 1619 1358 1458 1149 1964 1613 1607 1419 1044 1645 1103 1983 1991 1605 1216 1565 1650 1723 1847 1716 1585 1871 1811 1066 1140 1658 1851 1230 1776 1875 1450 1827 1362 1206 1422 1020 1250 1198 1180 1918 1976 1565 1215 1667 1630 1983 1983 1179 1358 1555 1308 1788 1466 1620 1251 1968 1112 1053 1328 1318 1263 1037 1108 1590 1603 1248 1720 1470 1022 1832 1628 1500 1331 1068 1273 1617 1686 1782 1872 1262 1516 1386 1546 1421 1947 1842 1051 1315 1895 1041 1769 1705 1314 1250 1859 1661 1023 1611 BCNSPRNW ULIB Ver.6.0+V

เปลี่ยนเป็นภาษาไทย

Change to English
 แสดงรายละเอียดบรรณานุกรม
  กลับหน้าหลัก

Brief Record : Get Marc (ISO 2709) : E-mail record : QR code < ปิดหน้าต่าง
LEADER : 00000nam 2200000uu 4500
001    13399114440
003     ULIB
008    110627s||||||||th 000 0 tha d
020    9789747503142
090    นว.^bดบ911ก
100 0  ซอย ยูริ
245 00 กรุ่นกลิ่นไปรักดอกไม้แดง 1/^cซอย ยูริ
250    พิมพ์ครั้งที่ 2
260    กรุงเทพฯ :^bแจ่มใส,^c2550
300    223 หน้า
710 1  แจ่มใส
945    ^p159^l0^i021044
995    ทศพร
999 ^a ใช้งานได้ทุกระบบ
รายการนี้ยังไม่มีแท็ก
คุณยังไม่ได้ล็อกอิน คุณสามารถมีกิจกรรมร่วมกับเว็บไซต์ได้ แต่ต้องล็อกอินก่อน ::
  ล็อกอิน

รายการสื่อสารสนเทศ

ลำดับที่ ประเภท เลขเรียก/บาร์โค้ด สถานที่ สถานะ
1. นวนิยาย
นวนิยาย
นว. ดบ911ก  
  Barcode: 021044
ห้องสมุดวิทยาเขตสวรรค์ประชารักษ์
►นวนิยาย
บนชั้น
  ขอยืม

รายการใกล้เคียง
    ผู้แต่ง [ซอย ยูริ]

BibComment


ยังไม่เคยถูกคอมเมนท์

คอมเมนท์ทรัพยากรรายการนี้
  คอมเมนท์: กรุ่นกลิ่นไปรักดอ..


 Copyright 2026. Bcnsprnw @Library